00770cam a2200265 a 4500001000500000005001700005020001800022040002300040050002300063082001500086100001800101245003900119260004000158300004600198490003000244500002000274505000800294520006200302521002000364521002000384650003900404650003200443650001800475650001100493300520240130134003.0 a9780516202181 aDLCcDLCdDLCbeng00aQH541.5.P63b 199600a574.5263221 aFowler, Allan10aLife in a pond /cby Allan Fowler. aNew York :bChildren's Press,c1996 a31 pages :bcolor illustrations ;c19 cm. aRookie Read-About Science aIncludes index. aQ  aIntroduces the animal and plant life in and around ponds. a660 bLexile  aQ bRaz-Plus  0aPond ecologyxJuvenile literature. 0aPondsxJuvenile literature. 1aPond ecology. 1aPonds.